Woman at point xero/ (Record no. 362947)
[ view plain ]
| 000 -LEADER | |
|---|---|
| fixed length control field | 00374nam a22001337a 4500 |
| 008 - FIXED-LENGTH DATA ELEMENTS--GENERAL INFORMATION | |
| fixed length control field | 200211b xxu||||| |||| 00| 0 eng d |
| 020 ## - INTERNATIONAL STANDARD BOOK NUMBER | |
| International Standard Book Number | 9781783605941 |
| 050 ## - LIBRARY OF CONGRESS CALL NUMBER | |
| Classification number | PJ 7862.A3 |
| Item number | .Sa111 2015 |
| 100 ## - MAIN ENTRY--PERSONAL NAME | |
| Personal name | Nawal El Saadawi |
| 245 ## - TITLE STATEMENT | |
| Title | Woman at point xero/ |
| Statement of responsibility, etc | Nawal El Saadawi |
| 260 ## - PUBLICATION, DISTRIBUTION, ETC. (IMPRINT) | |
| Place of publication, distribution, etc | London: |
| Name of publisher, distributor, etc | Zed Books |
| Date of publication, distribution, etc | 2015. |
| 300 ## - PHYSICAL DESCRIPTION | |
| Extent | xiii, 142 p. ; |
| Dimensions | 20 cm. |
| 942 ## - ADDED ENTRY ELEMENTS (KOHA) | |
| Source of classification or shelving scheme | Library of Congress Classification |
| Item type | Books |
| Withdrawn status | Lost status | Source of classification or shelving scheme | Damaged status | Home library | Current library | Shelving location | Date acquired | Source of acquisition | Total Checkouts | Total Renewals | Full call number | Barcode | Date last seen | Date last borrowed | Price effective from | Koha item type |
|---|---|---|---|---|---|---|---|---|---|---|---|---|---|---|---|---|
| Library of Congress Classification | Luxembourg Library | Luxembourg Library | International Baccalaureate Section | 02/11/2020 | Library fund | 2 | 2 | PJ 7862.A3 .Sa111 2015 | IB0301 | 12/03/2021 | 02/20/2020 | 02/11/2020 | Books |